000
00212 a2200097 4500
001
9547
100
_a
Wymer,N
245
_a
Medical Scientists & Doctors
260
_a
_b
Oxford University
_c
090
_c
7590
_d
7590
942
_a
NUST-CAE
_c
M
_c
34256
999
_c
244620
_d
244620